000 01006nam a22003258i 4500
999 _c1834
_d1834
001 021233822
003 UkOxU
005 20230202100757.0
008 170622r20172011enka j 000|f|eng|d
015 _aGBB7D6642
_2bnb
016 7 _a018459621
_2Uk
020 _a9781407174563 (pbk.) :
035 _a(Uk)018459621
040 _aStDuBDS
_beng
_erda
_cStDuBDS
_dKH8
082 0 4 _a823.92 DON
_223
100 1 _aDonaldson, Julia,
_eauthor.
245 1 4 _aThe Highway Rat /
_cJulia Donaldson ; illustrated by Axel Scheffler.
263 _a201710
264 1 _aLondon :
_bAlison Green Books,
_c2017.
300 _a1 volume :
_bchiefly illustrations (colour) ;
_c25 cm
336 _atext
_2rdacontent
336 _astill image
_2rdacontent
337 _aunmediated
_2rdamedia
338 _avolume
_2rdacarrier
500 _aOriginally published: 2011.
655 0 _aStories in rhyme.
655 7 _aChildren's stories
_vPictorial works.
_2gsafd
700 1 _aScheffler, Axel,
_eartist.
942 _2ddc
_cNFIC